Top 5 European Leagues Top Clean Sheets: 2023/24 - Statistics

General Stats
  • This quiz has been taken 4 times
  • The average score is 17 of 30
Answer Stats
League Clean Sheets Club Nationality Player % Correct
Premier League 9 Manchester United Cameroon Andre Onana
100%
Premier League 10 Fulham Germany Bernd Leno
100%
Premier League 16 Arsenal Spain David Raya
100%
Premier League 13 Manchester City Brazil Ederson
100%
Premier League 9 Aston Villa Argentina Emiliano Martinez
100%
La Liga 13 Atletico Madrid Slovenia Jan Oblak
100%
Bundesliga 15 Bayer Leverkusen Finland Lukas Hradecky
100%
Bundesliga 7 Bayern Munich Germany Manuel Neuer
100%
La Liga 15 Barcelona Germany Marc-Andre ter Stegen
100%
Serie A 15 Juventus Poland Wojciech Szczesny
100%
Serie A 19 Inter Switzerland Yann Sommer
100%
La Liga 13 Valencia Georgia Giorgi Mamardashvili
75%
Premier League 13 Everton England Jordan Pickford
75%
Bundesliga 7 Eintracht Frankfurt Germany Kevin Trapp
75%
La Liga 18 Athletic Bilbao Spain Unai Simon
75%
Bundesliga 7 Borussia Dortmund Switzerland Gregor Kobel
50%
Ligue 1 15 Lille France Lucas Chevalier
50%
Serie A 18 Torino Serbia Vanja Milinkovic-Savic
50%
Bundesliga 11 Stuttgart Germany Alexander Nubel
25%
Ligue 1 14 Lens France Brice Samba
25%
Bundesliga 7 Union Berlin Denmark Frederik Ronnow
25%
Serie A 13 Bologna Poland Lukasz Skorupski
25%
Ligue 1 17 Nice Poland Marcin Bulka
25%
Serie A 14 Monza Italy Michele Di Gregorio
25%
La Liga 16 Real Sociedad Spain Alex Remiro
0%
Ligue 1 11 PSG France Gianluigi Donnarumma
0%
Ligue 1 13 Brest Netherlands Marco Bizot
0%
Bundesliga 10 Freiburg Germany Noah Atubolu
0%
Bundesliga 7 Mainz Germany Robin Zentner
0%
La Liga 13 Rayo Vallecano North Macedonia Stole Dimitrievski
0%
No matching quizzes found
Score Distribution
Percent of People with Each Score
Percentile by Number Answered
Your Score History
You have not taken this quiz